01353cam a22003254a 450000100090000000300040000900500170001300800410003001000170007102000430008802000260013104000180015704100130017505000230018808200180021110000340022924000810026324501240034426000340046830000340050250400660053665000500060265000270065265000300067985600760070990600450078594200420083095201380087299900170101014992150OSt20230923134416.0070904s2008 nyua b 001 0 eng  a 2007936614 a9780387313122 (hardcover : alk. paper) a9780387688053 (eISBN) aDLCcDLCdDLC1 aenghger00aQA379b.S7413 2008 a515.35bSTE/N1 aSteinbach, Olaf,d1967-9957110aNumerische Näherungsverfahren für elliptische Randwertprobleme.lEnglish10aNumerical approximation methods for elliptic boundary value problems :bfinite and boundary elements /cOlaf Steinbach. aNew York :bSpringer,cc2008. axii, 386 p. :bill. ;c24 cm. aIncludes bibliographical references (p. [375]-382) and index. 0aBoundary value problemsxNumerical solutions. 0aFinite element method. 0aBoundary element methods.413Table of contentsuhttp://www.loc.gov/catdir/toc/fy0804/2007936614.html a7bcbccorignewd2eepcnf20gy-gencatlg 2ddccBKh515.35iSTE/Nk515.35mSTE/N 00102ddc40708MATHEMATICSaMESbMEScMATd2023-09-23l0o515.35 STE/Np42626r2023-09-23 13:44:47v4744.05w2023-09-23yBKzGL24R3 c42332d42332